000 00931nmm a2200265 a 4500
001 ocm000785940
003 TR-IsHL
005 20201028143716.0
008 140425s2013 tu eng
007 cr cn
020 _a9781304232687
035 _a785940
_b(N$T)
050 0 4 _aPJ3771
_b.W67 2013
090 0 4 _aPJ3771
_b.W67 2013
245 1 0 _aWorld's famous 10 epics I & the epic of Gilgamesh
_h[electronic resource] /
_cwith illustrations by Murat Ukray
260 _aİstanbul :
_bE-Kitap Projesi,
_c2013
300 _a98 p.
650 4 _aDil ve Edebiyat
650 4 _aLanguage and Literature
650 0 _aEpik şiir, Asur-Babil
_x Tarih ve eleştiri
650 0 _aEpic poetry, Assyro-Babylonian
_x History and criticism
650 7 _aBODY, MIND & SPIRIT / Spiritualism
_2bisacsh
700 1 _aUkray, Murat
856 4 0 _uhttp://search.ebscohost.com/login.aspx?direct=true&scope=site&db=e011xww&AN=785940
999 _c9045
_d9045